| 000 | 00654nam a2200205 a 4500 | ||
|---|---|---|---|
| 005 | 20210219160052.0 | ||
| 008 | 080722s1983 mx r 000 0 spa d | ||
| 020 | _a9230021660 | ||
| 035 | _aUPN01000157833 | ||
| 049 | _aUNE | ||
| 080 | _aDO 341.16: 001 (093.2) 1982ACT 4a.ext. | ||
| 111 | 2 |
_aUNESCO. Conferencia General _n(4a. ext. : _d1982 : _cParís) |
|
| 245 | 1 | 0 | _aActas literales. |
| 260 |
_aParís : _bUNESCO, _c1983. |
||
| 300 | _a842 p. | ||
| 500 | _aTexto en inglés, francés, ruso, árabe y español | ||
| 690 | _aAcuerdos - Conferencia General de la UNESCO | ||
| 690 | _aConferencia General de la UNESCO - Acuerdos | ||
| 905 | _aUNESCO | ||
| 999 |
_c129947 _d129947 |
||